000 00485nam a2200181Ia 4500
005 20250326141101.0
008 250326s9999 xx 000 0 und d
037 _aTextbook
040 _aFMSL
_beng
_cFMSL
041 _aeng
_2eng
084 _aX.44 N6
_qFMSL
100 _aRao S L
245 0 _aEconomy and business in India under reforms
_cRao S L
260 _aDelhi
_bDelhi, Konark
_c1996
300 _axiv,251
942 _cTB
_hX.44 N6
999 _c1288625
_d1288625